| 000 | 00434 a2200157 4500 | ||
|---|---|---|---|
| 020 | _a8172450583 | ||
| 040 | _aDLC | ||
| 082 | _a808.51 | ||
| 100 | _aWhiteman, W. A. | ||
| 245 |
_aReadymade Speeches For All Occasions _cW. A. Whiteman. |
||
| 260 |
_aNew Delhi : _bGoodwill Publishing House. |
||
| 300 |
_avii, 136 p. : _bill. ; _c21 cm. |
||
| 500 | _aIncludes Index. | ||
| 650 | _aSpeeches,addresses,etc. | ||
| 942 |
_cBK _k808.51 WHI _2ddc |
||
| 999 |
_c4924 _d4924 |
||